LEADER 01158nam a2200253 i 4500 001 000000116995 003 CaOOAMICUS 005 20250710100541.0 008 030707s2003 it u000 u ita u 040 $aSeMil$bita 245 10$aSezione di Storia locale :$bfondo Giuseppe Macchi : 1873-1949. 264 1$aGallarate :$bBiblioteca civica Luigi Majno,$c2003. 300 $a90 p. ;$c30 cm 490 1 $aGuide bibliografiche ;$v6 650 4$aGallarate - Storia.$0(OLS)http://semarc/subject/9892 650 4$aGallarate - Biblioteca civica Luigi Majno - Fondo di storia locale - Cataloghi.$0(OLS)http://semarc/subject/58145 650 4$aStoriografia - Storia locale - Fonti.$0(OLS)http://semarc/subject/57465 830 0$aGuide bibliografiche ;$v6.$0(OLS)http://semarc/title/6979 850 $aSeMil 852 $aSeMil$W1$xVenegono$y1$m3P IV 511$j259483$B72395$CSeMilBibl$Z2$F88685 $81 961 $aOmaggio: Altro 996 $6245$aSezione di Storia locale :$bfondo Giuseppe Macchi : 1873-1949$9(OLS)http://semarc/title/171653 996 $6264$aGallarate :$bBiblioteca civica Luigi Majno$9(OLS)http://semarc/publisher/32648 LEADER 01149nam a2200289 i 4500 001 000000119390 003 CaOOAMICUS 005 20041109000000.0 008 041109s2002 it u000 u ita u 013 $a92083 020 $a88-04-50961-9 040 $aSeMil$bita 100 1 $aMancuso, Vito,$d<1962->.$0(OLS)http://semarc/name/1176 245 13$aIl dolore innocente :$bl'handicap, la natura e Dio /$cVito Mancuso ; Prefazione di Edoardo Boncinelli. 250 $a2. ed. 260 $aMilano :$bMondadori,$c2002. 300 $a243 p. ;$c23 cm. 490 0 $aSaggi 650 4$aTeodicea.$0(OLS)http://semarc/subject/1184 700 1 $aBoncinelli, Edoardo,$d<1941- >.$0(OLS)http://semarc/name/31992 830 0$aSaggi.$0(OLS)http://semarc/title/341 850 $aSeMil 852 $aSeMil$W1$xVenegono$y1$m2D III 44$j74603$B74603$CSeMilBibl$Z2$F89098 $81 961 $aAcquisto: Mescat 996 $6020$a88-04-50961-9$9(OLS)http://semarc/number/104236 996 $6245$aIl dolore innocente :$bl'handicap, la natura e Dio$9(OLS)http://semarc/title/175443 996 $6260$aMilano :$bMondadori$9(OLS)http://semarc/publisher/30335